| 000 | 00366nam a2200121Ia 4500 | ||
|---|---|---|---|
| 008 | 220216s9999 xx 000 0 und d | ||
| 245 | 0 | _aOidium heveae : Report on the 1935 outbreak of Hevea leaf mildew | |
| 260 |
_bJournal of the Rubber Research Institute of Malaya _c1935 |
||
| 300 | _a49-57 | ||
| 650 | _aHevea leaf mildew | ||
| 650 | _aOidium hevea | ||
| 942 | _cJS | ||
| 999 |
_c64323 _d64323 |
||